00785nam a2200193 a 450000100100000000500170001000800410002702000150006804000250008308200150010824500890012326000720021230000340028450000730031870000420039170000280043395201130046199900170057400004193620201002035836.0131023s1991 sp a 000 0 spa d a8400072057 aDO-SdBNPbspacBNPHU axxxbV766i00aEl Vinagre de Vino /ccoordinadoras ; Concepción Llaguno Marchena, M. Carmen Polo. aMadrid :bConsejo Superior de Investigaciones Científicas,c1991. aviii, 238 p. :bil. ;c23 cm. aIncluye referencias bibliográficas y notas al pie de las páginas12aLlaguno Marchena, Concepción96884912aPolo, Ma. Carmen968850 001050718MOaGRbGRcCTd2013-10-23iLF1l0oxxx V766ip41936-10r2020-06-25w2020-06-25y1ZNo se presta c41425d41425